Squares to 20, cubes to 16 - Statistics

General Stats
  • This quiz has been taken 61 times
  • The average score is 26 of 34
Answer Stats
Hint Answer % Correct
4 16
100%
5 25
100%
2 4
100%
3 9
100%
6 36
96%
10 100
93%
11 121
93%
7 49
93%
8 64
93%
9 81
93%
12 144
85%
13 169
85%
10 1000
78%
5 125
78%
14 196
78%
15 225
78%
3 27
78%
2 8
78%
6 216
74%
4 64
74%
16 256
70%
17 289
70%
18 324
70%
19 361
70%
20 400
70%
7 343
67%
8 512
63%
9 729
63%
11 1331
56%
12 1728
48%
13 2197
44%
14 2744
44%
15 3375
44%
16 4096
44%
No matching quizzes found
Score Distribution
Percent of People with Each Score
Percentile by Number Answered
Your Score History
You have not taken this quiz